Datum a čas kvízu
17.5
Celkem bodů
Celkový počet nahraných bodů na tomto kvízu bez doplňovacích otázek.
14.
Pořadí na kvízu
Konečné umístění týmu na tomto kvízu.
Zaznamenané odpovědi
| # | Otázka | Odpověď | Body | Výsledky |
|---|---|---|---|---|
| 1. | Ve Všetatech na Mělnicku byl v... | Jan Palach | 0 | |
| 2. | Nobelovu cenu míru získal muž... | Etiopie, premiér | 1 | |
| 3. | Ti z Vás, kdo pravidelně sledu... | zavedení lokalizované (české) verze nabídky | 0 | |
| 4. | Společnost Adobe minulý týden... | Venezuela | 0 | |
| 5. | Jedna z německých fotbalových... | Bastian Schweinsteiger | 0 | |
| 6. | Téma o Brazílii zvítězilo ve f... | pátou a pátou | 0 | |
| 7. | Pokud bychom chtěli v říjnu 20... | v Curychu | 0 | |
| 8. | Tento světově proslulý brazils... | Oscar Niemeyer | 0 | |
| 9. | Typické brazilské jídlo se jme... | fazole | 0 | |
| 10. | Co se týče slavných osobností,... | Adriana Lima | 1 |